Normal view
MARC view
Entry Personal Name
001 - CONTROL NUMBER
- control field: 35021
003 - CONTROL NUMBER IDENTIFIER
- control field: ARRUPE
005 - DATE AND TIME OF LATEST TRANSACTION
- control field: 20170822104240.0
008 - FIXED-LENGTH DATA ELEMENTS
- fixed length control field: 170822|| aca||aabn | a|a d
040 ## - CATALOGING SOURCE
- Original cataloging agency: ARRUPE
- Transcribing agency: ARRUPE
100 ## - HEADING--PERSONAL NAME
- Personal name: Tollefson, Stephen K.
670 ## - SOURCE DATA FOUND
- Source citation: Work cat.: (ARRUPE): Tollefson, Stephen K., Reading and writing about language, 1980